000 00433nam a2200181Ia 4500
001 4425
005 20260306145755.0
008 260306t1940||||xx |||||||||||||| ||spa||
041 _aESP
082 _a321.8
_bM97
100 _aButler, Nicholas Murray,
_eAUT
245 0 _aDemocracia y seudodemocracia
260 _c1940
300 _axiii, 108 páginas :
_c19 cm.
650 _aGEN
654 _aCHU
942 _cLIB
_dJUS
_fJUS
_2ddc
_n
999 _c4425
_d4425